Geografia con la lettera "O" - Statistics

Statistiche generali
  • Questo quiz è stato fatto 68 volte
    65 dall'ultimo reset
  • Il punteggio medio è 19 su 30
Statistiche sulle risposte
Suggerimento Risposta % Corretto
Continente la cui parte continentale è l'Australia Oceania
95%
Stato con capitale Oklahoma City (USA) Oklahoma
95%
Capitale della Norvegia Oslo
95%
Capitale del Canada Ottawa
95%
Paese con capitale Mascate Oman
89%
Città nota per la sua Università (Regno Unito) Oxford
89%
Stato con capitale Columbus (USA) Ohio
88%
Provincia della regione Sardegna (Italia) Oristano
88%
Città nota per il suo porto, Sardegna (Italia) 60k abitanti Olbia
86%
Capitale dell'Oklahoma (USA) Oklahoma City
84%
Terza città più popolosa del Giappone Osaka
82%
Montagna più alta della Grecia Olimpo
77%
Stato con capitale Salem (USA) Oregon
74%
Comune più ad est d'Italia; Lecce, Puglia Otranto
74%
Terza città più popolosa dell'Ucraina Odessa
72%
Comune noto per la sua Cattedrale; Umbria (Italia) Orvieto
70%
Regione con capoluogo Toronto, nota per le Cascate del Niagara (Canada) Ontario
65%
Comune noto per la sua "Città Bianca"; Puglia (Italia) Ostuni
63%
Valle che fa parte della provincia di Verbano-Cusio-O…; Piemonte (Italia) Ossola
61%
Area geografica più popolosa dei Paesi Bassi Olanda
60%
Quinto fiume più lungo d'Italia Oglio
53%
Capoluogo della regione Centro-Valle della Loira (Francia) Orléans
40%
Capoluogo della regione Asturie (Spagna) Oviedo
40%
Arcipelago noto per il Karate, a sud del Giappone Okinawa
37%
Stato indipendentista dalla Georgia Ossezia del Sud
33%
Capitale del Burkina Faso Ouagadougou
33%
Provincia della regione Sardegna (Italia) Ogliastra
32%
Regione con capoluogo Tolosa (Francia) Occitania
26%
Capitale di Washington (USA) Olympia
21%
Città più popolosa del Nebraska Omaha
18%
Nessun quiz corrispondente trovato
Distribuzione punteggi
Percentuale di utenti per punteggio
Percentile per numero di risposta
I tuoi punteggi nel tempo
Non hai fatto questo quiz dall'ultimo reset